000 00486nab a2200145Ia 4500
003 ES-SlBCS
005 20210601141251.0
008 140529s2004 xxu||||| |||| 00| 0 spa d
041 _aspa
100 1 _aBengoetxea, Juan Bautista
_983044
245 0 0 _aFilosofía y enseñanza de la química sin reduccionismos
_c Juan Bautista Bengoetxea
650 0 4 _aReduccionismo-Química
_9253855
773 0 _tEducaçao e Filosofia
_gvol. 18, nº. 35-36, 2004, págs. 233-258
_wRev1534
942 _cAR
999 _c657940
_d657940